| 000 | 01382cam a2200337 a 4500 | ||
|---|---|---|---|
| 001 | 1182862 | ||
| 003 | OSt | ||
| 005 | 20160610160739.0 | ||
| 008 | 971021s1998 enka bf 001 0 eng | ||
| 010 | _a 97043255 | ||
| 020 | _a0851989187 (soft : alk. paper) | ||
| 040 |
_aDLC _cDLC _dDLC |
||
| 050 | 0 | 0 |
_aSB731 _b.W24 1998 |
| 082 | 0 | 0 |
_aQW 25 _bW17p 1998 |
| 100 | 1 |
_aWaller, J. M. _99349 |
|
| 245 | 1 | 0 |
_aPlant clinic handbook / _cJ.M. Waller, B.J. Ritchie, and M. Holderness. |
| 260 |
_aOxon ; _aNew York, N.Y. : _bCAB International, _c1998. |
||
| 300 |
_aviii, 94 p. : _bill. ; _c25 cm. |
||
| 490 | 1 |
_aIMI technical handbook ; _vno. 3 |
|
| 504 | _aIncludes bibliographical references (p. 87-91) and index. | ||
| 650 | 0 |
_aPlant diseases _xDiagnosis _xLaboratory manuals. _99350 |
|
| 650 | 0 |
_aPlant clinics _xLaboratory manuals. _99351 |
|
| 700 | 1 |
_aRitchie, B. J. _99352 |
|
| 700 | 1 |
_aHolderness, M. _99353 |
|
| 830 | 0 |
_aIMI technical handbooks ; _vno. 3. _99354 |
|
| 856 | 4 | 2 |
_3Publisher description _uhttp://www.loc.gov/catdir/enhancements/fy0605/97043255-d.html |
| 856 | 4 | 1 |
_3Table of contents only _uhttp://www.loc.gov/catdir/enhancements/fy0605/97043255-t.html |
| 906 |
_a7 _bcbc _corignew _d1 _eocip _f19 _gy-gencatlg |
||
| 942 |
_2ddc _cO_SHELF |
||
| 999 |
_c4331 _d4331 |
||